000 00732nam a22002177a 4500
003 SISC
005 20180503145210.0
008 180503b xxu||||| |||| 00| 0 eng d
020 _a8970260536
050 _aPL 957.7
_b.J86 2006
100 _aJeong, Dong Rim
_q정대림
245 _aUnderstanding and appreciation of Korean literature = 한국문학의 이해와 감상 /
_cJeong Dong Rim
260 _aSeoul :
_bDongbang Cor.,
_c2006.
300 _a339 pages ;
_c23 cm.
500 _aIncludes index.
546 _aIn Korean.
650 _2Library of Congress Subject Headings
_aHanmunhak (Korean literature)
650 _2Library of Congress Subject Headings
_aKorean literature
942 _2lcc
_cBK
999 _c356398
_d356398